Music Quiz

Random Music or Kpop Quiz

Guess my kpop biases (updated again lol) Quiz Stats

 Plays Quiz not verified by Sporcle

Score 0/72 Timer 15:00
0 Plays Today
% Correct
Jimin
94.9%
Suga
94.9%
Lay
93.5%
Chanyeol
93.1%
Jackson
93.1%
Baekhyun
92.8%
Taeyang
92.8%
Minho
92.4%
Daesung
92.1%
Wonho
91.7%
Jooheon
91.7%
Onew
91.3%
Jinyoung
91.3%
Leo
89.9%
Ken
88.1%
CL
87.7%
B.I
87.4%
Jeonghan
87%
Mingyu
87%
Zico
85.2%
Hyuk
81.9%
Bom
81.6%
Taeyong
81.2%
Dahyun
78.7%
Jihyo
76.2%
Yuta
75.8%
Jaehyun
75.5%
Himchan
74.4%
Jongup
74%
Jinwoo
74%
Seungyoon
73.3%
Ilhoon
72.9%
Jinhwan
71.5%
Seohyun
70.4%
Hyoyeon
68.6%
Jinyoung
67.1%
% Correct
Hyunsik
65.7%
Dongwoo
65%
Sungyeol
65%
Jaehyo
63.2%
Hui
62.8%
Jun.K
62.5%
Sandeul
62.1%
Nichkhun
59.9%
Donghae
59.3%
Rowoon
58.8%
Takuya
58.1%
Hansol
57%
Inseong
56%
Zuho
54.9%
Eunhyuk
52.9%
Kino
52.7%
Wooseok
52.3%
Youjin
48.7%
Cory
48.4%
Casper
40.1%
Kuhn
39.7%
Kogyeol
36.8%
Byungchan
35.4%
Sejun
33.9%
Hojoon
32.1%
Moos
31.4%
Sangmin
28.9%
Lee Geon
24.5%
Minsu
21.7%
Changsun
19.9%
Kyle
19.5%
ZN
17.3%
Onejunn
17%
Sungjun
16.2%
Minsung
15.2%
Yulhee
13.4%

You're not logged in!

Compare scores with friends on all Sporcle quizzes.
OR
Log In

Sporcle TV

Today on Sporcle TV


Watch our educational content, quiz creation guides, and fun videos on Sporcle TV.

Show Comments

Extras

Created Aug 31, 2017ReportNominate
Tags:Kpop Quiz, Kpop Idol, Kpop Quiz

Top Quizzes Today


Score Distribution

Your Account Isn't Verified!

In order to create a playlist on Sporcle, you need to verify the email address you used during registration. Go to your Sporcle Settings to finish the process.

Report this User

Report this user for behavior that violates our Community Guidelines.

Details: